Statistics for Hallands största städer

Click here to take the quiz!

General Stats

  • This quiz has been taken 23 times
  • The average score is 7 of 20

Answer Stats

Answer% Correct
Halmstad
100%
Falkenberg
93%
Varberg
93%
Kungsbacka
71%
Laholm
57%
Onsala
43%
Getinge
36%
Åsa
29%
Bua
21%
Frillesås
21%
Hyltebruk
21%
Mellbystrand
21%
Oskarström
21%
Veddige
21%
Fjärås kyrkby
14%
Skrea
14%
Tvååker
14%
Vallda
14%
Billdal
0%
Frösakull
0%

Score Distribution

Percentile by Number Answered

Percent of People with Each Score

Your Score History

You have not taken this quiz